Молекулярная физика: учебное пособие

Detalhes bibliográficos
Autor principal: Кикоин А. К. Абрам Константинович
Outros Autores: Кикоин И. К. Исаак Константинович
Resumo:Книга «Молекулярная физика», написанная выдающимися учеными и педагогами А. К. Кикоиным и И. К. Кикоиным, до настоящего времени является одним из лучших учебных пособий. Содержит элементы термодинамики и статистической физики. Большое внимание в книге уделено экспериментальным методам, используемым в физике. Учебное пособие предназначено для студентов физических специальностей высших учебных заведений.
Idioma:russo
Publicado em: СПб., Лань, 2007
Edição:3-е изд., стер.
Colecção:Общий курс физики
Assuntos:
Formato: Livro
KOHA link:https://koha.lib.tpu.ru/cgi-bin/koha/opac-detail.pl?biblionumber=121998

MARC

LEADER 00000nam0a2200000 4500
001 121998
005 20231031125814.0
010 |a 9785811407378 
035 |a (RuTPU)RU\TPU\book\132113 
035 |a RU\TPU\book\45271 
035 |a RU\TPU\book\132113 
090 |a 121998 
100 |a 20021017d2007 m y0rusy50 ca 
101 0 |a rus 
102 |a RU 
105 |a a j 001zy 
200 1 |a Молекулярная физика  |e учебное пособие  |f А. К. Кикоин, И. К. Кикоин 
205 |a 3-е изд., стер. 
210 |a СПб.  |c Лань  |d 2007 
215 |a 480 с.  |c ил. 
225 1 |a Общий курс физики 
320 |a Предм. указ.: с. 479-480. 
330 |a Книга «Молекулярная физика», написанная выдающимися учеными и педагогами А. К. Кикоиным и И. К. Кикоиным, до настоящего времени является одним из лучших учебных пособий. Содержит элементы термодинамики и статистической физики. Большое внимание в книге уделено экспериментальным методам, используемым в физике. Учебное пособие предназначено для студентов физических специальностей высших учебных заведений. 
451 1 |0 (RuTPU)RU\TPU\book\45271  |t Молекулярная физика  |o учебное пособие  |f А. К. Кикоин, И. К. Кикоин  |e 2-е изд., перераб.  |c М.  |n Наука  |d 1976  |p 480 с.  |s Общий курс физики  |a Кикоин, Абрам Константинович 
610 1 |a физика 
610 1 |a молекулярная физика 
610 1 |a газы 
610 1 |a теплота 
610 1 |a кинетическая теория 
610 1 |a уравнения 
610 1 |a термодинамика 
610 1 |a жидкости 
610 1 |a твердое тело 
610 1 |a учебные пособия 
675 |a 539.19(075.8)  |v 3 
700 1 |a Кикоин  |b А. К.  |g Абрам Константинович 
701 1 |a Кикоин  |b И. К.  |g Исаак Константинович 
801 2 |a RU  |b 63413507  |c 20201116  |g PSBO 
900 |a Молекулярная физика 
942 |c BK 
951 |a 510400  |b 010700  |a 550000  |a 540500  |b 010701  |b 050700 
959 |a 63/20070924  |d 15  |e 0  |f ЧЗТЛ:1  |f УФ:14